000 00598nam a2200217Ia 4500
005 20250923144555.0
008 008 250917s9999 xx 000 0 eng d
037 _aTextual
040 _aDSWL
_beng
_cDSWL
041 _aeng
_2eng
084 _aY154:49Y1, JO
_qDSWL
100 _aBettelheim, B.
_9826239
245 0 _aDynamics of prejudice
_cby B Bettelheim.
260 _aNew York
_b Tarper & Brothers
_c1950
300 _axix,1327p.
365 _aUSD
_b4
700 _aM.Janowitz
_9826240
925 _g4
942 _cTEXL
_hY154:49Y1, JO
999 _c1440693
_d1440693